ধর্মীয় সাম্প্রদায়িকতার: (Record no. 17865)

MARC details
000 -LEADER
fixed length control field 01033nam a22001937a 4500
003 - CONTROL NUMBER IDENTIFIER
control field BDDh-ASL
005 - DATE AND TIME OF LATEST TRANSACTION
control field 20231015025641.0
008 - FIXED-LENGTH DATA ELEMENTS--GENERAL INFORMATION
fixed length control field 200914b2009 bg ||||| |||| 00| 0 d
040 ## - CATALOGING SOURCE
Original cataloging agency BDDh-ASL
Transcribing agency BDDh-ASL
Modifying agency BDDh-ASL
041 ## - LANGUAGE CODE
Language code of text/sound track or separate title bengali
082 ## - DEWEY DECIMAL CLASSIFICATION NUMBER
Classification number 261.7
Item number SHD
100 1# - MAIN ENTRY--PERSONAL NAME
Personal name শাহনাওয়াজ, এ কে এম
9 (RLIN) 709
245 1# - TITLE STATEMENT
Title ধর্মীয় সাম্প্রদায়িকতার:
Remainder of title রাজেনৈতিক ও অর্থনৈতিক উৎস/
Statement of responsibility, etc. এ কে এম শাহনাওয়াজ।
246 ## - VARYING FORM OF TITLE
Title proper/short title Dharmiya Sampradayikatar Rajnaitik O Arthanaitik Utsa
260 ## - PUBLICATION, DISTRIBUTION, ETC.
Place of publication, distribution, etc. ঢাকা:
Name of publisher, distributor, etc. ইতিহাস একাডেমী,
Date of publication, distribution, etc. ২০০৯।
300 ## - PHYSICAL DESCRIPTION
Extent ৪৪ পৃষ্ঠা:
Dimensions ২২ সে. মি.।
650 #0 - SUBJECT ADDED ENTRY--TOPICAL TERM
Topical term or geographic name entry element ধর্মীয় সাম্প্রদায়িকতা, সাম্প্রদায়িকতা, Dharmīẏa sāmpradāẏikatā, sāmpradāẏikatā, Religious sectarianism, ‍ূectarianism
9 (RLIN) 710
942 ## - ADDED ENTRY ELEMENTS (KOHA)
Source of classification or shelving scheme Dewey Decimal Classification
Koha item type Books
Holdings
Withdrawn status Lost status Source of classification or shelving scheme Damaged status Not for loan Collection code Home library Current library Shelving location Date acquired Source of acquisition Total Checkouts Full call number Barcode Date last seen Copy number Price effective from Koha item type
    Dewey Decimal Classification     Non-fiction Asiatic Society Library Asiatic Society Library General Stacks 09/14/2020 Complementary   261.7 SHD 101000 09/14/2020 C-1 09/14/2020 Books
    Dewey Decimal Classification     Non-fiction Asiatic Society Library Asiatic Society Library General Stacks 09/14/2020 Complementary   261.7 SHD 101001 09/14/2020 C-2 09/14/2020 Books

Powered by Koha